Ottlik László gratuláló levele Szent-Györgyi Alberthez

Elmentve itt :
Bibliográfiai részletek
Szerző: Ottlik László
Dokumentumtípus: Kézirat
Megjelent: 1937-10-29
Kulcsszavak:Levelezés - Ottlik László - Szent-Györgyi Albert, Nobel-díj - 1937
Online Access:http://misc.bibl.u-szeged.hu/47734
LEADER 00647ntm a2200169 i 4500
001 misc47734
005 20241205112201.0
008 210111s1937 hu o 000 hun d
040 |a SZTE Miscellanea Repozitórium  |b hun 
041 |a hun 
100 1 |a Ottlik László 
245 1 0 |a Ottlik László gratuláló levele Szent-Györgyi Alberthez  |h [elektronikus dokumentum] /  |c  Ottlik László 
260 |c 1937-10-29 
300 |a 2 fol. 
561 |a Szent-Györgyi Albert gratuláló levelek 
695 |a Levelezés - Ottlik László - Szent-Györgyi Albert, Nobel-díj - 1937 
856 4 0 |u http://misc.bibl.u-szeged.hu/47734/1/1937_4_088-089.pdf  |z Dokumentum-elérés